Crossword Puzzle: Countries #2 - Statistics

General Stats
  • This quiz has been taken 821 times
  • The average score is 73 of 87
Answer Stats
Hint Answer % Correct
This country declared independence from Serbia O
98%
This country is the only nation to start with O A
97%
This country is the only nation to start with O M
97%
This country is the only nation to start with O N
97%
This country has the northernmost capital city A
94%
This country is the least densely populated in the world A
94%
This country’s capital city is Havana B
93%
This country’s capital city is Havana C
93%
This country is located the farthest north in Africa N
93%
This country is known for having the tallest people S
93%
This country has the most populated city in Europe T
93%
This country’s capital city is Havana U
93%
This country is the most populated in Africa E
92%
This country is the most populated in Africa G
92%
This country is the most populated in Africa I
92%
This country contains every vowel within its name U
92%
This country is the most populated in Africa A
91%
This country is the most populated in Africa I
91%
This country is the most populated in Africa R
91%
This country is located the farthest north in Africa I
90%
This country is the largest by total land area R
90%
This country is the largest by total land area S
90%
This country is the largest by total land area S
90%
This country is the most heavily bombed S
90%
This country has the most populated city in Europe U
90%
This country is home to the world’s most populated island E
89%
This country is the largest by total land area I
89%
This country is known for having the tallest people L
89%
This country is home to the world’s most populated island O
89%
This country is located the farthest north in Africa U
89%
This country is located the farthest north in Africa A
88%
This country is known for having the tallest people E
88%
This country declared independence from Serbia K
88%
This country has the most populated city in Europe R
88%
This country is located the farthest north in Africa S
88%
This country has the most populated city in Europe Y
88%
This country has the most populated city in Europe E
87%
This country is home to the world’s most populated island I
87%
This country is located the farthest north in Africa I
87%
This country has the most populated city in Europe K
87%
This country is home to the world’s most populated island N
87%
This country is home to the world’s most populated island N
87%
This country declared independence from Serbia O
87%
This country is home to the world’s most populated island A
86%
This country is known for having the tallest people A
86%
This country is home to the world’s most populated island D
86%
This country is known for having the tallest people D
86%
This country is known for having the tallest people E
86%
This country is known for having the tallest people H
86%
This country is known for having the tallest people N
86%
This country declared independence from Serbia O
86%
This country is known for having the tallest people R
86%
This country is known for having the tallest people T
86%
This country declared independence from Serbia V
86%
This country owns the Galápagos Islands A
85%
This country has the northernmost capital city N
85%
This country has the northernmost capital city C
84%
This country has the northernmost capital city D
84%
This country has the northernmost capital city E
84%
This country has the northernmost capital city I
84%
This country has the northernmost capital city L
84%
This country is the most heavily bombed A
83%
This country is the most heavily bombed O
83%
This country contains every vowel within its name I
82%
This country is the least densely populated in the world O
81%
This country owns the Galápagos Islands C
80%
This country owns the Galápagos Islands D
80%
This country owns the Galápagos Islands O
80%
This country owns the Galápagos Islands R
80%
This country owns the Galápagos Islands U
80%
This country is the most visited Pacific island nation F
79%
This country is the most visited Pacific island nation J
79%
This country is the most visited Pacific island nation I
78%
This country is the least densely populated in the world M
77%
This country is the least densely populated in the world N
76%
This country is the least densely populated in the world G
74%
This country is the least densely populated in the world L
74%
This country is the least densely populated in the world I
73%
This country contains every vowel within its name M
68%
This country contains every vowel within its name E
65%
This country contains every vowel within its name B
64%
This country contains every vowel within its name M
64%
This country contains every vowel within its name Q
64%
This country contains every vowel within its name Z
64%
Mystery country: Mystery country: {Kenya}
63%
Mystery country: Mystery country: {Jordan}
55%
Mystery country: Mystery country: {Denmark}
49%
No matching quizzes found
Score Distribution
Percent of People with Each Score
Percentile by Number Answered
Your Score History
You have not taken this quiz